| 000 | 00423caa a22001932a 4500 | ||
|---|---|---|---|
| 001 | 000807 | ||
| 003 | AR-FADEU | ||
| 008 | 311216n############xxu####################dd | ||
| 092 | _aPP(000)COR | ||
| 100 | _aKristi, Grigori | ||
| 245 | _bConstantin Stanislavski | ||
| 245 | _aEl correo | ||
| 300 | _a12-14 | ||
| 440 | _vaño 16 | ||
| 440 | _n11 | ||
| 260 | _cnov 1963 | ||
| 650 | _aTEATRO MODERNO | ||
| 942 | _cPPGR | ||
| 999 |
_c3585 _d3585 |
||